000 02081nam0a2200373 4500
001 RU\NLR\BIBL_A\010983990
005 20260405181805.0
010 _a978-5-238-02797-5
_95000
021 _aRU
_b2016-7350
_9470
035 _a(NLR Aleph) 010983990
035 _a(NILC)RuMoRGB-008132301
090 _a10890401
_c10890401
100 _a20160218d2016 u y0rusy50 ca
101 0 _arus
102 _aRU
105 _ay|||z||||00yy
200 1 _aЗащита по уголовным делам о преступлениях в сфере предпринимательской деятельности
_eучебное пособие для студентов высших учебных заведений, обучающихся по направлению подготовки "Юриспруденция"
_fГ. К. Смирнов, А. Л. Карабанов
210 _aМосква
_cЮНИТИ
_d2016
215 _a176 с.
_cил.
_d22
300 _aНа 4-й с. обл. авт.: Г. К. Смирнов, к.ю.н., подполк. юстиции, А. Л. Карабанов, к.ю.н.
606 1 _aПреступления в сфере предпринимательства
_jУчебные издания
_yРоссийская Федерация
_92223390
_3RU\NLR\AUTH\661334924
606 1 _aЗащита в уголовном процессе
_jУчебные издания
_yРоссийская Федерация
_92085787
_3RU\NLR\AUTH\661261910
610 0 _aпреступления в сфере предпринимательской деятельности
675 _a343
686 1 _aХ628.111.6я7
686 1 _aХ629.374.016я7
700 1 _7ca
_8rus
_aСмирнов
_bГ. К.
_cканд. юрид. наук, писатель
_f1976-
_gГеоргий Константинович
_961529
_3RU\NLR\AUTH\7778601
701 1 _aКарабанов
_bА. Л.
_gАлександр Львович
801 0 _aRU
_bРГБ
_c20160202
_gRCR
942 _cBOOK
980 _aNBR
980 _aNB